000 00369nam a2200157Ia 4500
001 29442
008 140415s9999 xx 000 0 und d
040 _cPK-LaUMT
082 _a 216.2
_bFLO-B
100 _aDonald Flood
245 4 _aThe best way to live and die
260 _bWorld Assembly of Muslim Youth,
_c1999
300 _a38 p.
546 _aEN
942 _cBK
999 _c29514
_d29514